000 00770nac a22001811u 4500
008 110123t xxu||||| |||| 00| 0 eng d
020 _a9770904414
082 _a309.162
_bه وي
100 _aهويدي، فهمي
_98613
245 _aمصر تريد حلا /
_cفهمي هويدي
260 _aالقاهرة :
_bدار الشروق ، 1998
_c1998
300 _a333ص ؛
_c24 سم
511 _a Catalogued by: Sara
651 _913710
_aمصر
_xالأحوال الاجتماعية
651 _913709
_aمصر
_xالأحوال الاقتصادية
942 _cBB
_k309.162 ه و ي
_2ddc
999 _c5507
_d5507